[Event "RUS-ChT L1"]
[Site "Sochi RUS"]
[Date "2008.04.11"]
[Round "9"]
[White "Levin, Evgeny A"]
[Black "Klimov, Sergey"]
[Result "1-0"]
[WhiteElo "2440"]
[BlackElo "2483"]
[EventDate "2008.04.03"]
[PlyCount "75"]

1.d4 d5 2.c4 e6 3.Nc3 Be7 4.Nf3 Nf6 5.Bg5 O-O 6.e3 h6 7.Bh4 b6 8.Bd3 Bb7 
9.O-O Nbd7 10.Bg3 c5 11.cxd5 Nxd5 12.Nxd5 Bxd5 13.Qe2 cxd4 14.Nxd4 Nc5 15.
Bb5 Bd6 16.Rfd1 Bxg3 17.hxg3 Qe7 18.Rac1 Rfc8 19.b4 Ne4 20.Bc6 Bxc6 21.
Nxc6 Qb7 22.b5 Nc5 23.Rc4 a6 24.a4 Re8 25.Qb2 Rac8 26.Rg4 f5 27.Rc4 Rc7 
28.Qe5 Rd7 29.Rxd7 Nxd7 30.Qd6 Nc5 31.bxa6 Nxa6 32.Ne5 Nc5 33.a5 Ne4 34.
Qxb6 Qd5 35.Qd4 Qxa5 36.Qd7 Qxe5 37.Qxe8+ Kh7 38.Qa4 1-0

[Event "RUS-ChT L1"]
[Site "Sochi RUS"]
[Date "2008.04.11"]
[Round "9"]
[White "Lintchevski, Daniil"]
[Black "Anisimov, Pavel"]
[Result "1-0"]
[WhiteElo "2440"]
[BlackElo "2485"]
[EventDate "2008.04.03"]
[PlyCount "73"]

1.e4 e5 2.Nf3 Nc6 3.d4 exd4 4.Nxd4 Bc5 5.Nxc6 bxc6 6.Qf3 d6 7.Bd3 Ne7 8.
Be3 Bb6 9.Nc3 Ng6 10.O-O-O Qf6 11.Qg3 Qh4 12.Rde1 Qxg3 13.hxg3 Ne5 14.f4 
Ng4 15.Bxb6 axb6 16.Rh4 g6 17.e5 dxe5 18.Be4 O-O 19.Bxc6 Ra7 20.fxe5 h5 
21.b4 Rd8 22.Kb2 Bb7 23.Bf3 c5 24.Bxg4 hxg4 25.Reh1 Kf8 26.Rh8+ Ke7 27.
Rxd8 Kxd8 28.e6 Ke7 29.exf7 Bxg2 30.Rh8 Ra8 31.Rxa8 Bxa8 32.b5 Bg2 33.Na4 
Bf1 34.Nxb6 Kxf7 35.a4 Ke6 36.c4 Ke5 37.Kc3 1-0

[Event "RUS-ChT L1"]
[Site "Sochi RUS"]
[Date "2008.04.11"]
[Round "9"]
[White "Miroshnichenko, Evgenij"]
[Black "Chadaev, Nikolay"]
[Result "1/2-1/2"]
[WhiteElo "2647"]
[BlackElo "2471"]
[EventDate "2008.04.03"]
[PlyCount "65"]

1.d4 d5 2.Nf3 Nf6 3.c4 c6 4.Nc3 dxc4 5.a4 Bf5 6.Nh4 e6 7.Nxf5 exf5 8.e3 
Bb4 9.Bxc4 O-O 10.O-O Nbd7 11.Qc2 g6 12.Bd2 c5 13.Rad1 Rc8 14.Nb5 Bxd2 15.
Qxd2 Ne4 16.Qd3 a6 17.Nc3 Nb6 18.Nxe4 fxe4 19.Qxe4 Nxc4 20.dxc5 Nd2 21.Qb4
Nxf1 22.Rxd8 Rfxd8 23.Kxf1 Rd5 24.Qxb7 Rcxc5 25.b4 Rc1+ 26.Ke2 Rc2+ 27.Kf3
Rf5+ 28.Ke4 Rf6 29.f4 Rxg2 30.Qc8+ Kg7 31.Qc3 Ra2 32.Qb3 Rd2 33.h4 1/2-1/2

[Event "RUS-ChT L1"]
[Site "Sochi RUS"]
[Date "2008.04.11"]
[Round "9"]
[White "Morozov, Evgeny"]
[Black "Yoshan, Valeriy"]
[Result "1/2-1/2"]
[WhiteElo "2308"]
[BlackElo "2422"]
[EventDate "2008.04.03"]
[PlyCount "90"]

1.e4 d5 2.exd5 Qxd5 3.Nc3 Qa5 4.d4 Nf6 5.Nf3 c6 6.Ne5 e6 7.Nc4 Qd8 8.Be3 
Be7 9.Qf3 Na6 10.a3 Nc7 11.Bd3 Ncd5 12.Nxd5 exd5 13.Ne5 Qb6 14.O-O-O Be6 
15.g4 Qc7 16.g5 Nd7 17.Bf4 Bd6 18.Rhe1 O-O-O 19.Bg3 Nf8 20.Bf5 Bxe5 21.
Bxe5 Qe7 22.Bxe6+ Nxe6 23.h4 Qd7 24.Qc3 h6 25.Qa5 b6 26.Qa6+ Qb7 27.Qd3 
hxg5 28.hxg5 Rhe8 29.f4 b5 30.b3 Qd7 31.Kb2 Kb7 32.Qg3 g6 33.Bf6 Rc8 34.
Qg4 Nc5 35.Qxd7+ Nxd7 36.Be5 Re6 37.Re2 f6 38.gxf6 Nxf6 39.Rg2 Ng8 40.Rdg1
Ne7 41.b4 Rf8 42.c3 a5 43.bxa5 Ka6 44.Bc7 Kb7 45.Be5 Ka6 1/2-1/2

[Event "RUS-ChT L1"]
[Site "Sochi RUS"]
[Date "2008.04.11"]
[Round "9"]
[White "Mozharov, Mikhail"]
[Black "Zabotin, Alexander"]
[Result "1/2-1/2"]
[WhiteElo "2434"]
[BlackElo "2495"]
[EventDate "2008.04.03"]
[PlyCount "37"]

1.Nf3 Nf6 2.c4 e6 3.d4 d5 4.g3 dxc4 5.Bg2 c5 6.Qa4+ Nc6 7.dxc5 Qd5 8.O-O 
Qxc5 9.Na3 Be7 10.Qxc4 O-O 11.Be3 Qh5 12.h3 Nd5 13.Bd2 Rd8 14.Rfd1 e5 15.
g4 Qg6 16.e4 Nb6 17.Qb5 h5 18.Nxe5 Nxe5 19.Qxe5 1/2-1/2

[Event "RUS-ChT L1"]
[Site "Sochi RUS"]
[Date "2008.04.11"]
[Round "9"]
[White "Nikitin, Andrey"]
[Black "Novik, Maxim"]
[Result "0-1"]
[WhiteElo "2471"]
[BlackElo "2468"]
[EventDate "2008.04.03"]
[PlyCount "44"]

1.d4 Nf6 2.c4 g6 3.Nc3 d5 4.cxd5 Nxd5 5.Na4 Bg7 6.e4 Nb6 7.Be3 O-O 8.Nf3 
f5 9.exf5 Bxf5 10.Nxb6 axb6 11.Bc4+ Kh8 12.Ng5 Nc6 13.g4 Qd6 14.Nf7+ Rxf7 
15.Bxf7 Bd7 16.O-O Nxd4 17.Bc4 Rf8 18.f3 c5 19.Be2 Bc6 20.Kg2 Qe6 21.Bxd4 
Qxg4+ 22.Kh1 Bxd4 0-1

[Event "RUS-ChT L1"]
[Site "Sochi RUS"]
[Date "2008.04.11"]
[Round "9"]
[White "Ogloblin, Nikolay"]
[Black "Dashibalov, Erdem"]
[Result "1-0"]
[WhiteElo "2355"]
[BlackElo "2408"]
[EventDate "2008.04.03"]
[PlyCount "71"]

1.Nf3 d5 2.d4 Nf6 3.c4 e6 4.Bg5 dxc4 5.Qa4+ Nbd7 6.Qxc4 c5 7.Nc3 a6 8.dxc5
Bxc5 9.e3 b5 10.Qb3 Bb7 11.Be2 O-O 12.O-O Qb6 13.a4 b4 14.a5 Qc7 15.Nb1 
Ne4 16.Bh4 Qc6 17.Qa4 Qxa4 18.Rxa4 Rfc8 19.Nbd2 Bf8 20.Rd1 Nxd2 21.Nxd2 
Rc2 22.b3 Rac8 23.f3 Rb2 24.Kf1 Rcc2 25.Be1 Bc6 26.Raa1 Nc5 27.Bc4 g6 28.
Rac1 Rxc1 29.Rxc1 Bg7 30.Bxa6 Bc3 31.Be2 Ra2 32.a6 Nxa6 33.Nb1 Nc5 34.Nxc3
bxc3 35.Rxc3 Ra5 36.b4 1-0

[Event "RUS-ChT L1"]
[Site "Sochi RUS"]
[Date "2008.04.11"]
[Round "9"]
[White "Paveliev, Alexey"]
[Black "Moiseenko, Vladimir1"]
[Result "1/2-1/2"]
[WhiteElo "2423"]
[BlackElo "2409"]
[EventDate "2008.04.03"]
[PlyCount "24"]

1.e4 e6 2.d4 d5 3.Nc3 Bb4 4.Ne2 dxe4 5.a3 Be7 6.Nxe4 Nc6 7.c3 Nf6 8.N2g3 
Nxe4 9.Nxe4 Qd5 10.Qf3 b6 11.Ng5 Qxf3 12.Nxf3 Bb7 1/2-1/2

[Event "RUS-ChT L1"]
[Site "Sochi RUS"]
[Date "2008.04.11"]
[Round "9"]
[White "Pokazanjev, Nikolai"]
[Black "Kryakvin, Dmitry"]
[Result "1/2-1/2"]
[WhiteElo "2405"]
[BlackElo "2535"]
[EventDate "2008.04.03"]
[PlyCount "59"]

1.e4 c5 2.Nf3 d6 3.d4 cxd4 4.Nxd4 Nf6 5.Nc3 Nc6 6.Bg5 e6 7.Qd2 Be7 8.O-O-O
O-O 9.h4 Nxd4 10.Qxd4 h6 11.f4 hxg5 12.hxg5 Ng4 13.Be2 e5 14.Qg1 exf4 15.
Bxg4 Bxg4 16.Qh2 f5 17.g6 Bh4 18.Rdf1 fxe4 19.Nxe4 Bf5 20.Rxf4 Bxe4 21.
Rxf8+ Kxf8 22.Qf4+ Qf6 23.Rxh4 Bd5 24.Rh8+ Bg8 25.Qc4 Ke7 26.Rxg8 Rxg8 27.
Qxg8 Qf1+ 28.Kd2 Qxg2+ 29.Ke1 Qxg6 30.Qd5 1/2-1/2

[Event "RUS-ChT L1"]
[Site "Sochi RUS"]
[Date "2008.04.11"]
[Round "9"]
[White "Potapov, Alexey"]
[Black "Rychagov, Andrey"]
[Result "0-1"]
[WhiteElo "2320"]
[BlackElo "2551"]
[EventDate "2008.04.03"]
[PlyCount "112"]

1.d4 f5 2.c4 Nf6 3.Nc3 e6 4.Nf3 Bb4 5.Bd2 O-O 6.e3 d6 7.a3 Bxc3 8.Bxc3 Ne4
9.Qc2 b6 10.Nd2 Nxc3 11.Qxc3 Bb7 12.f3 Qh4+ 13.g3 Qf6 14.Rc1 Nd7 15.Bg2 e5
16.O-O Rae8 17.d5 Qh6 18.f4 Nf6 19.Rce1 Ng4 20.Nf3 e4 21.Nh4 g6 22.Bh3 Nf6
23.Rc1 Qg7 24.Rf2 Nd7 25.Qxg7+ Kxg7 26.b4 Nf6 27.a4 a6 28.b5 axb5 29.axb5 
Ra8 30.Rfc2 Ra3 31.Rc3 Rfa8 32.Bf1 h6 33.Be2 Bc8 34.Ng2 g5 35.h3 Nd7 36.
Ne1 Nc5 37.Kf2 Kf6 38.R1c2 Bd7 39.Rxa3 Rxa3 40.Rd2 Be8 41.h4 Bf7 42.Rb2 
gxh4 43.gxh4 Nd3+ 44.Bxd3 exd3 45.Nf3 Bh5 46.Nd2 Be2 47.e4 fxe4 48.Ke3 Bf3
49.h5 Kf5 50.Rb1 Bxh5 51.Rh1 Bg4 52.Rxh6 Ra1 53.Re6 Re1+ 54.Kd4 Re2 55.
Nxe4 Rxe4+ 56.Rxe4 d2 0-1

[Event "RUS-ChT L1"]
[Site "Sochi RUS"]
[Date "2008.04.11"]
[Round "9"]
[White "Rodin, Dmitrij"]
[Black "Neverov, Anatoly"]
[Result "0-1"]
[WhiteElo "2456"]
[BlackElo "2389"]
[EventDate "2008.04.03"]
[PlyCount "82"]

1.e4 e5 2.Nf3 Nc6 3.Bb5 g6 4.d4 exd4 5.Nxd4 Bg7 6.Nxc6 bxc6 7.Ba4 Ba6 8.
Nc3 Qh4 9.Be3 Nf6 10.Qf3 Ng4 11.Bf4 Ne5 12.Qg3 Qh5 13.Qg5 Qxg5 14.Bxg5 Rb8
15.O-O-O O-O 16.f4 Nc4 17.e5 d6 18.Bxc6 Rxb2 19.Bd5 Rfb8 20.Bxc4 Bxc4 21.
Rhe1 Bxa2 22.Ne4 dxe5 23.Nf6+ Kh8 24.Rd7 Rb1+ 25.Kd2 Rxe1 26.Kxe1 h6 27.
Bh4 exf4 28.Nd5 a5 29.Nxc7 a4 30.Be7 Bc4 31.Kd2 Bb2 32.Nd5 Bxd5 33.Rxd5 
Ra8 34.Rb5 a3 35.Rxb2 axb2 36.Bf6+ Kh7 37.Bxb2 g5 38.Kd3 Kg6 39.c4 Kf5 40.
h3 Ra2 41.Kc3 Ke4 0-1

[Event "RUS-ChT L1"]
[Site "Sochi RUS"]
[Date "2008.04.11"]
[Round "9"]
[White "Sergienko, Sergey"]
[Black "Genba, Vladimir"]
[Result "1/2-1/2"]
[WhiteElo "2449"]
[BlackElo "2429"]
[EventDate "2008.04.03"]
[PlyCount "87"]

1.d4 d5 2.c4 e6 3.Nc3 c5 4.cxd5 exd5 5.Nf3 Nc6 6.g3 Nf6 7.Bg2 Be7 8.O-O 
O-O 9.Bg5 cxd4 10.Nxd4 h6 11.Be3 Re8 12.Qa4 Bd7 13.Rad1 Bf8 14.a3 Na5 15.
Qc2 Rc8 16.Qb1 Nc4 17.Nxd5 Nxd5 18.Bxd5 Bh3 19.Bxc4 Rxc4 20.Rfe1 Qd5 21.
Nf3 Qh5 22.Qd3 Rce4 23.Rc1 b5 24.Red1 a6 25.Qd5 Qxd5 26.Rxd5 Be6 27.Rd2 
Rc4 28.Rxc4 Bxc4 29.Kf1 Rb8 30.Ne5 Be6 31.f3 Rc8 32.Kf2 a5 33.Bb6 b4 34.
Bxa5 bxa3 35.bxa3 Bxa3 36.Rd8+ Rxd8 37.Bxd8 Bd6 38.Nd3 f5 39.Ke3 Kf7 40.
Kd4 g5 41.e4 fxe4 42.fxe4 Kg6 43.Bb6 h5 44.Bc5 1/2-1/2

[Event "RUS-ChT L1"]
[Site "Sochi RUS"]
[Date "2008.04.11"]
[Round "9"]
[White "Slugin, Sergey"]
[Black "Tkachenko, Evgeniy"]
[Result "1/2-1/2"]
[WhiteElo "2402"]
[BlackElo "2283"]
[EventDate "2008.04.03"]
[PlyCount "50"]

1.d4 Nf6 2.c4 c5 3.d5 e5 4.Nc3 d6 5.e4 Be7 6.g3 O-O 7.Bg2 Ne8 8.Nge2 Nd7 
9.O-O g6 10.a3 Ng7 11.Kh1 f5 12.Rb1 Nf6 13.b4 b6 14.bxc5 bxc5 15.Bd2 fxe4 
16.Nxe4 Nxe4 17.Bxe4 Bg5 18.f4 Bh6 19.Qc2 Bg4 20.Bc3 Nf5 21.Qd3 Nd4 22.
Nxd4 exd4 23.Bd2 Qd7 24.Bf3 Bf5 25.Be4 Bg4 1/2-1/2

[Event "RUS-ChT L1"]
[Site "Sochi RUS"]
[Date "2008.04.11"]
[Round "9"]
[White "Slupskiy, Sergey"]
[Black "Gladyszev, Oleg"]
[Result "0-1"]
[WhiteElo "2275"]
[BlackElo "2485"]
[EventDate "2008.04.03"]
[PlyCount "59"]

1.e4 c5 2.Nf3 Nc6 3.c3 Nf6 4.e5 Nd5 5.d4 cxd4 6.cxd4 d6 7.exd6 Qxd6 8.Nc3 
g6 9.Bc4 Nxc3 10.bxc3 Bg7 11.O-O O-O 12.Re1 Bg4 13.h3 Bxf3 14.Qxf3 Nxd4 
15.cxd4 Qxd4 16.Ba3 Qxc4 17.Bxe7 Bxa1 18.Bxf8 Qc3 19.Qxc3 Bxc3 20.Rc1 Bd2 
21.Rc2 Bf4 22.Ba3 Rd8 23.g3 Be5 24.Kg2 Kg7 25.Bc1 Rd7 26.Be3 b6 27.Kf3 Kf6
28.Rc4 Ke6 29.Ke2 f5 30.Kf3 0-1

[Event "RUS-ChT L1"]
[Site "Sochi RUS"]
[Date "2008.04.11"]
[Round "9"]
[White "Sokolov, Dmitri"]
[Black "Benza, Artyom"]
[Result "1/2-1/2"]
[WhiteElo "2403"]
[BlackElo "2333"]
[EventDate "2008.04.03"]
[PlyCount "42"]

1.e4 c5 2.Nf3 d6 3.d4 cxd4 4.Qxd4 a6 5.Be3 Nf6 6.Nc3 e6 7.O-O-O Qc7 8.e5 
dxe5 9.Nxe5 Nbd7 10.Bf4 Qc5 11.Qa4 Qb4 12.Nc4 b5 13.Qxb4 Bxb4 14.Nd6+ Ke7 
15.Nce4 Nxe4 16.Nxe4 e5 17.Bd2 Bxd2+ 18.Rxd2 Bb7 19.Nd6 Bc6 20.Nf5+ Kf8 
21.Rd6 Rc8 1/2-1/2

[Event "RUS-ChT L1"]
[Site "Sochi RUS"]
[Date "2008.04.11"]
[Round "9"]
[White "Sultimov, Bulat"]
[Black "Vokarev, Sergey"]
[Result "0-1"]
[WhiteElo "2292"]
[BlackElo "2503"]
[EventDate "2008.04.03"]
[PlyCount "74"]

1.e4 e5 2.Nf3 Nc6 3.d4 exd4 4.Nxd4 Nf6 5.Nxc6 bxc6 6.e5 Qe7 7.Qe2 Nd5 8.c4
Ba6 9.b3 O-O-O 10.g3 g5 11.h4 h6 12.Bb2 Bg7 13.Nd2 Nb4 14.O-O-O Nxa2+ 15.
Kb1 Nb4 16.Qe3 c5 17.Bg2 d5 18.f4 gxf4 19.gxf4 f6 20.Ba3 c6 21.Nf3 fxe5 
22.fxe5 dxc4 23.Bxb4 cxb4 24.Nd4 Bb7 25.Rhe1 Qc5 26.Qe4 Rhe8 27.bxc4 Kb8 
28.Nf3 Qf2 29.Rxd8+ Rxd8 30.Re2 Qc5 31.Qc2 a5 32.Bh3 a4 33.Qxa4 Qxc4 34.
Qc2 Ba6 35.Qxc4 Bxc4 36.Re3 Rd3 37.Rxd3 Bxd3+ 0-1

[Event "RUS-ChT L1"]
[Site "Sochi RUS"]
[Date "2008.04.11"]
[Round "9"]
[White "Tseshkovsky, Vitaly"]
[Black "Kovalenko, Igor"]
[Result "1-0"]
[WhiteElo "2504"]
[BlackElo "2450"]
[EventDate "2008.04.03"]
[PlyCount "77"]

1.e4 e5 2.Nf3 Nc6 3.d4 exd4 4.Nxd4 Nf6 5.Nxc6 bxc6 6.e5 Qe7 7.Qe2 Nd5 8.c4
Nb6 9.Nc3 Qe6 10.Qe4 g6 11.f4 Bb7 12.a4 a5 13.Bd3 O-O-O 14.O-O Bc5+ 15.Kh1
d6 16.Qe2 Bd4 17.Ne4 c5 18.Rb1 Rhe8 19.b3 Kb8 20.Ng5 Qe7 21.e6 fxe6 22.Bd2
h6 23.Nf3 e5 24.fxe5 Bxe5 25.Bxa5 Qg7 26.Qc2 Bd4 27.b4 Ka7 28.b5 d5 29.
Nxd4 Qxd4 30.Bc3 Qg4 31.h3 Qd7 32.a5 Nxc4 33.b6+ cxb6 34.axb6+ Kb8 35.Bf6 
Ne3 36.Qxc5 Nxf1 37.Rxf1 Qc6 38.Qd4 Rd7 39.Bxg6 1-0

[Event "RUS-ChT L1"]
[Site "Sochi RUS"]
[Date "2008.04.11"]
[Round "9"]
[White "Yevseev, Denis"]
[Black "Ionov, Sergey"]
[Result "1/2-1/2"]
[WhiteElo "2499"]
[BlackElo "2546"]
[EventDate "2008.04.03"]
[PlyCount "34"]

1.d4 d5 2.c4 dxc4 3.Nf3 e6 4.e3 c5 5.Bxc4 a6 6.O-O Nf6 7.Bb3 Be7 8.Nc3 O-O
9.Qe2 cxd4 10.Rd1 Nc6 11.Nxd4 Qc7 12.Nxc6 Qxc6 13.e4 b5 14.Bg5 h6 15.Bf4 
b4 16.Na4 Bb7 17.f3 Qb5 1/2-1/2

[Event "RUS-ChT L1"]
[Site "Sochi RUS"]
[Date "2008.04.11"]
[Round "9"]
[White "Zacurdajev, Mikhail"]
[Black "Ivanov, Alexey2"]
[Result "1-0"]
[WhiteElo "2408"]
[BlackElo "2418"]
[EventDate "2008.04.03"]
[PlyCount "55"]

1.d4 Nf6 2.c4 e6 3.Nc3 d5 4.cxd5 exd5 5.Bg5 Be7 6.e3 O-O 7.Bd3 c6 8.Qc2 
Nbd7 9.Nge2 Re8 10.O-O Nf8 11.Rad1 Ng6 12.Ng3 Bd6 13.Rfe1 Be6 14.a3 Rc8 
15.e4 Be7 16.e5 Nd7 17.Bxe7 Qxe7 18.Nf5 Bxf5 19.Bxf5 Rcd8 20.g3 Ndf8 21.
Bh3 c5 22.Nb5 cxd4 23.f4 Ne6 24.Nxd4 Rc8 25.Qf2 Rc4 26.Nf5 Qd8 27.Nd6 
Nexf4 28.Bf1 1-0